Casos do beco das sardinheiras (Registo nº 1372)

Detalhes MARC
000 -Etiqueta do registo
Cabeçalho 00715nam0a2200241 4500
005 - Identificador da versão
Campo de controlo 20240823102406.0
010 ## - Número internacional normalizado dos livros (ISBN)
Número (ISBN) 9722105922
021 ## - Número do Depósito Legal
Código do país PT
Número 211876/04
100 ## - Dados gerais de processamento
Dados gerais de processamento 20150313d2004 m y0pory5003 ba
101 0# - Língua de publicação
Língua do texto, banda sonora, etc. Português
102 ## - Pais de publicação ou produção
País de publicação Portugal
200 1# - Titulo e menção de responsabilidade
Título próprio Casos do beco das sardinheiras
Informação de outro título (onde importa sobremaneira não confundir género humano com Manuel Germano)
Primeira menção de responsabilidade Mário de Carvalho
205 ## - Menção da edição
Menção da edição 6ª ed
210 ## - Publicação, Distribuição, etc. 
Lugar da edição, distribuição, etc. Lisboa
Nome do editor, distribuidor, etc. Caminho
Data da publicação, distribuição, etc. D. L. 2004
215 ## - Descrição física 
Indicação específica da natureza do documento e extensão da espécie 87, [6] p
225 2# - Colecção 
Título próprio da colecção O sucampo da palavra
606 ## - Nome comum usado como assunto
Número de registo de entrada de autoridade 0002010
Palavra de ordem Literatura portuguesa
Subdivisão de assunto Conto
Código do sistema CA
675 ## - Classificação Decimal Universal (CDU)
Notação 821.134.3-34
Edição 3ª ed.
Língua da edição por
700 #1 - Nome de autor-pessoa física (responsabilidade principal)
Número de registo de entrada de autoridade 0001856
Palavra de ordem Carvalho
Outra parte do nome não tomada para palavra de ordem Mário de
Datas 1944-
942 ## - Elementos de entrada adicionados (Koha)
Tipo de item no Koha Livro
966 ## - Identificação da Biblioteca
Sigla EB2,3ENM
Exemplares
Situação do levantamento Origin of item (home branch) (coded) Biblioteca de empréstimo Código de barras Cota Circulation type (not for loan) Tipo de documento Nota do exemplar Damaged status
  Biblioteca Escolar Eng. Nuno Mergulhão Biblioteca Escolar Eng. Nuno Mergulhão BENM3290 82LP-34 CAR   Livro Sem mensagem